000 00491nam a2200181Ia 4500
005 20250508163115.0
008 008 250505s9999 xx 000 0 eng d
037 _aTextual
040 _aFEDL
_beng
_cFEDL
041 _aeng
_2eng
084 _a919.4, POW
_qFEDL
100 _aPownall Eve
_9758396
245 0 _aExploring Australia
260 _aLondon, UK
_bMethuen and Company Limited
_c1958
300 _a74p.
942 _cTEXL
_h919.4, POW
999 _c1380878
_d1380878